Score 0/12 Timer 03:00
0 Plays Today
Set Odd One Out % Correct
Canada
Paris
Germany
Well, Canada is obviously the only one not in Europe, but wait, Germany is the only non-French-speaking entity, oh, and Paris is the only city, the others are countries. Hm.
95%
Monopoly
Clue
Doom
'Monopoly' is not a four-letter game, obv, although only Doom appears to be a video game, and Clue is the only one with vowels that aren't 'o', so there. You figure it out.
94.9%
Christmas
Easter
Memorial Day
Memorial Day stands out as the only purely secular holiday, although Christmas is the odd one out as it never occurs in the spring; don't forget, though, Easter is the only one that cannot fall on a weekday.
94.8%
Friends
Cougartown
Smallville
Your first thought was obviously that Friends is the only one that isn't like a generic town name, but look again, Smallville is the only one without Courteney Cox! And Cougartown is the only one that didn't air during the George W. Bush administration.
94.7%
Neon
Carbon
Sir Isaac Newton
Neon sticks out as the only non-solid, but only neon and Sir Isaac Newton aren't components of another item on this list, like carbon is; naturally, you probably noticed Sir Isaac Newton as the lone non-element AND the only one whose name is not the same length as the nickname of a Spice Girl.
94.7%
Spanish
Japanese
Latin
Latin stands out as the only non-living language, although Japanese is the lone one to originate outside Europe? If I recall correctly, Spanish doesn't fit in the category of 'Languages that are not official languages in South America'.
94.7%
cathedral
mosque
Francis
Francis is a pope, not a place of worship, but he and cathedrals are both items from Christianity; don't overlook that cathedral sticks out as the only non-isogram.
94.7%
Madonna
The Beatles
Michael Jackson
The Beatles are a band, not a solo artist, as I say that, I notice Madonna is the only female performer and now that I say that, Michael Jackson is the only one where the full musical act was deceased before Ringo Starr's 2015 induction into the Rock and Roll Hall of Fame!
94.6%
George Washington
Winston Churchill
Franklin Roosevelt
Simple, only Winston Churchill wasn't a U.S. president, even if Washington is the only one not from the 20th century; that said, Roosevelt is the only one without a 'W' in his name …
94.3%
New York Mets
New Jersey Devils
San Francisco Giants
This is obvious, since the Devils aren't a baseball team, although the Giants alone don't play their home games in the Eastern Time Zone, but only the Mets haven't won a championship since 2000.
93.6%
A Beautiful Mind
The Lord of the Rings: The Return of the King
The Lord of the Rings: The Fellowship of the Ring
Only one of these films (The Fellowship of the Ring) is not a Best Picture winner, even if you consider that only one of these films (The Return of the King) did not come out in 2001; A Beautiful Mind doesn't fit in, either, but I can't put my finger on it.
93.6%
Oliver Twist
Leaves of Grass
The Hunger Games
We have two novels, while Leaves of Grass is a collection of poetry, but the only non-American book there is Oliver Twist; two of these are 19th century books, with The Hunger Games being the lone outlier.
93.1%
Remove Ads.
Support Sporcle.
Get the best of Sporcle when you Go Orange. This ad-free experience offers more features, more stats, and more fun while also helping to support Sporcle. Thank you for becoming a member.

You're not logged in!

Compare scores with friends on all Sporcle quizzes.
OR
Log In

Show Comments

Extras

Top Quizzes Today


Score Distribution

Your Account Isn't Verified!

In order to create a playlist on Sporcle, you need to verify the email address you used during registration. Go to your Sporcle Settings to finish the process.

Report this User

Report this user for behavior that violates our Community Guidelines.

Details: